MDQL
is popping MORE tags! Check the
thread
!
Quizzes
Events
Quiz Creation
Community
Videos
Private Events
Remove Ads
Sign In
Join for FREE
Feedback
Dark Mode
Quiz Categories
Sports
Geography
Music
Movies
Television
Just For Fun
Miscellaneous
History
Literature
Language
Science
Gaming
Entertainment
Religion
Holiday
For Kids
Quiz Lab
Recent
Popular Today
Quiz Kudos Today
Editor Picks
Curator Picks
Quizzes by...
Day
Popularity
Type
Ratings
Length
Year
Community
Subscriptions
Recent Discussions
Orange Saloon
Badges
Playlists
Quests
Create
Leaderboards
Showdown
Live 5
Trivia Bingo
Activity
Puzzle Library
Sporcle Events
Private Events
Virtual Trivia
Globe League
Become a Host
Pub Owners
SporcleCon
Opinionation
Our Games
Videos
Blog
Mobile Apps
Partnerships
Remove Ads and Go Orange
Feedback
Religion
Mythology
Religious Music
World Religions
Bible
Christianity
Catholicism
Judaism
Church
Scripture
Islam
Verse
Religion
Mythology
Religious Music
World Religions
Bible
Christianity
Catholicism
Judaism
Church
Scripture
Islam
Verse
Random Quiz
Search Sporcle
×
Quiz Lab
Quiz Lab
Religion
god
Type in answers that appear in a list
Type in answers that appear in a list
Classic
Best Score? Go Orange.
Who Is The Greek God/Goddess of These Things Stats
Can you name the Who Is The Greek God/Goddess of These Things?
By
BumblebeeTRivia
10m
25 Questions
21 Plays
21 Plays
21 Plays
Comments
Comments
Give Quiz Kudos
Give Quiz Kudos
-
- Ratings
hide this ad
Replay
Link that replays current quiz
Next Quiz
Link to next quiz in quiz playlist
You Got
0%
They Got
Avg Score
76%
Avg Friend Score
Upgrade to see
Score Distribution
Jump to the score distribution portion of the page
Score
0/25
Timer
10:00
0
Plays Today
God/Goddess Of
God
% Correct
God of Lightning, Thunder and Law
Zeus
100%
Goddess of Marriage, Family and Women
Hera
100%
God of the Sea, Horses and Earthquakes
Poseidon
100%
Goddess of the Moon, Archery and the Hunt
Artemis
100%
God of Wine, Madness and Grapevines
Dionysus
100%
God of the Underworld and the Dead
Hades
100%
God of the Sun, Archery, Healing and Music
Apollo
95.2%
God of War and Bloodshed
Ares
95.2%
Goddess of Love, Beauty and Passion
Aphrodite
95.2%
Goddess of Harvest, Agriculture and Nature
Demeter
90.5%
Goddess of Strategy, Wisdom and Weaving
Athena
90.5%
God of Trickery, Thieves, Messengers and Games
Hermes
90.5%
Goddess of the Hearth
Hestia
85.7%
God/Goddess Of
God
% Correct
Goddess of Victory
Nike
85.7%
God of Fire, Metalworking and Blacksmiths
Hephaestus
81%
God of Love
Eros
81%
Goddess of the Rainbow
Iris
71.4%
Goddess of Vegetation and Fertility
Persephone
66.7%
God of Sleep
Hypnos
52.4%
Goddess of Revenge and Balance
Nemesis
47.6%
Goddess of the Night
Nyx
47.6%
God of Memory
Morpheus
42.9%
Goddess of Good Luck
Tyche
38.1%
God of Death
Thanatos
33.3%
Goddess of Daytime
Hemera
23.8%
Quiz Playlist
Details
Report
Send in Message
Add To Playlist
Classic:
Type in answers that appear in a list
Last Updated: Sep 30, 2019
Quiz Scoreboard
CHALLENGE
Sign Up to Join the Scoreboard
Show All
Scores
Hide
Comments
May contain spoilers
Recently Published
1-10 Letter E Words III
by El_Dandy
Language
2m
Street Fighter Characters
by Artimus82
Gaming
60s
College Basketball Coaching Resumes
by pancakes188
Sports
9m
More to Explore
Quiz From the Vault
Featured Blog Post
Where Did the Easter Bunny Come From?
hide this ad
You Might Also Like...
Tags
god
goddess
Greek
The Greek
Today's Top Quizzes in Religion
Browse Religion
hide this ad
Today's Top Quizzes in god
Browse god
Top Contributed Quizzes in Religion
1
5-to-1: Children of Gods
2
5-to-1: European Churches
3
One Thing in Common: Mythology
4
One Thing in Common: Mythology II
5
One Thing in Common: Religion
6
Mythological Creature Bunker
7
One Thing in Common: Religion and Mythology
8
Prime Time: Religion
9
Murdered Mythical Monsters
10
10 to 1: Islam
Explore More
Trending Topics
Harry Potter
NBA
Anime
Disney
Kpop
Crossword
Marvel
NFL
The Office
Country
Soccer
Puzzle
Song
Pokémon
WWE
hide this ad
More By:
BumblebeeTRivia
Quiz
Plays
Rating
Category
Featured
Created
All The Middle Episodes
1,571
Television
Aug 12, 2020
All Miraculous: Tales of Ladybug and Cat Noir Episodes
1,277
5.00
Television
Aug 13, 2020
Sonic Games
1,220
2.22
Gaming
May 31, 2019
Legendary Pokemon Hot/Cold
972
1.14
Gaming
Jan 27, 2020
Fighting Games 1976-2023
916
4.46
Gaming
Mar 30, 2021
Go to Creator's Profile
Score Distribution
Quiz Creator Spotlight
BumblebeeTRivia
Follow
Send a Message
Quizzes Created
-
Created Quiz Play Count
-
More By This Creator
Popular Quizzes Today
1
Find the US States - No Outlines Minefield
2
Find the Countries of Europe - No Outlines Minefield
3
The Countries of the World
4
Find the US States
5
Risky Map Clicking: Biggest States A-Z
6
US States
7
Popular People in 1961
8
Movies - When Are They Set?
More Religion Quizzes
Paint The Last Supper
Published
Trending Quizzes
Risky Map Clicking: Least Populous States A-Z
1-10 Letter G Words
1-10 Letter F Words
Countries of the World: 200 Million BC
Risky Map Clicking: Next State Alphabetically
Recently Updated
Beyoncé Albums
pecheneg
Leaping Animals
pecheneg
Reality TV Shows (A-Z)
bhenderson79
Rickey Henderson's Hall of Fame Teammates
pecheneg
Champions League XIs: Arsenal
pecheneg
Quick Pick: Celebrities in WWE's Hall of Fame
aduchscher
A-Z Keypad Blitz II
pecheneg
Multiple Oscar Actors
pecheneg
Mystery Phrase Blitz: Oscar 'Best Actors'
pecheneg
F. Scott Fitzgerald Novels
LTH
Trending Topics
Harry Potter
Anime
Kpop
Disney
Crossword
NBA
Marvel
The Office
Pokémon
Puzzle
NFL
Soccer
Song
Country
WWE
Your Account Isn't Verified!
In order to create a playlist on Sporcle, you need to verify the email address you used during registration. Go to your
Sporcle Settings
to finish the process.
Report this User
Report this user for behavior that violates our
Community Guidelines
.
Details:
Send Report
Go to the Sporcle.com Mobile Site →
Comments